Estudios sobre la Conquista de América
-д хадгалсан:
| Үндсэн зохиолч: | |
|---|---|
| Формат: | Ном |
| Хэл сонгох: | испани |
| Хэвлэсэн: |
Santiago
Universitaria
1992
|
| Хэвлэл: | 4a. ed |
| Цуврал: | El saber y la cultura
|
| Нөхцлүүд: | |
| Шошгууд: |
Шошго нэмэх
Шошго байхгүй, Энэхүү баримтыг шошголох эхний хүн болох!
|
MARC
| LEADER | 00000nam a2200000 a 4500 | ||
|---|---|---|---|
| 001 | UCH4058 | ||
| 003 | CL-VaPUC | ||
| 008 | 090818e19920000CL |||||||||||||||||spa|d | ||
| 020 | |a 9561104562 | ||
| 082 | 0 | 4 | |a 980.013 |b MEZ |2 21 |
| 100 | |a Meza Villalobos, Néstor |e autor |9 446537 | ||
| 245 | 1 | 0 | |a Estudios sobre la Conquista de América |
| 250 | |a 4a. ed | ||
| 300 | |a 181 p | ||
| 942 | |c BK | ||
| 945 | |d 20090818 00:00:00 |a ccalabra | ||
| 260 | |a Santiago |b Universitaria |c 1992 | ||
| 500 | |a Libro en Conmemoración del Quinto Centenario del Descubrimiento de América | ||
| 600 | 0 | 7 | |a CONSEJO DE INDIAS |2 CL-VaPUC |9 396278 |
| 650 | 7 | |a HISTORIA DE LA COLONIZACION |2 CL-VaPUC |9 539507 | |
| 650 | 0 | |a Epoca colonial |9 352022 | |
| 650 | 0 | |a Costumbres y tradiciones |9 268292 | |
| 651 | 0 | |a América Latina |9 255027 | |
| 651 | 0 | |a España |9 254926 | |
| 583 | |a last modification |c 20130925 08:37:09 |k Rodrigo Vera | ||
| 490 | 0 | |a El saber y la cultura | |
| 999 | |c 335412 |d 335410 | ||